00477nam a22001457a 4500003000500000038001800005082000800023100001700031245011500048264003700163300001200200650002500212700003700237856005700274NUST aNusrat Nadeem a200 aHaider, Ali  aMulti Stage Quasi-labeled Vehicle Re-Identification Using Branched Convolutional Neural Networks /cAli Haider aIslamabad :bSEECS, NUST,c2022. a48 p. ; aMS-Computer Science  aSupervisor: Dr. Muhammad Shahzad uhttp://10.250.8.41:8080/xmlui/handle/123456789/29992